000 00378nam a2200181Ia 4500
008 210210b xxu||||| |||| 00| 0 eng d
041 _aeng
082 _a383/10
100 _a-
245 _aForms of business organization
260 _a
_b-
_c
300 _a64
650 _aorganization
650 _aForms
650 _abusiness
690 _aBusiness
906 _a005205
999 _c125048
_d125048